000 nam a22 7a 4500
999 _c56110
_d56110
003 OSt
005 20221208102516.0
008 221208b xxu||||| |||| 00| 0 eng d
040 _cserosoft
100 _aAIR
245 _aALL INDIA REPORTER
260 _aNAGPUR :AIR PVT
_bNAGPUR :AIR PVT
300 _a416
942 _2ddc
_c04